Spolupráca krajín V4 v cestovnom ruchu bakalárska práca

Guardado en:
Detalles Bibliográficos
Autor principal: Benczová, Katarína
Autor Corporativo: Obchodná fakulta EU. Katedra cestovného ruchu
Otros Autores: Zemanová, Lenka, 1995-
Formato: Libro
Lenguaje:eslovaco
Publicado: Bratislava 2023
Etiquetas: Agregar Etiqueta
Sin Etiquetas, Sea el primero en etiquetar este registro!

MARC

LEADER 00000nbm a2200000 4500
001 0294904
005 20240116092315.6
041 0 |a slo 
044 |a SK 
245 1 0 |a Spolupráca krajín V4 v cestovnom ruchu  |b bakalárska práca  |c Katarína Benczová ; školiteľ: Lenka Zemanová 
264 1 |a Bratislava  |c 2023 
300 |a 43 s. 
100 1 |a Benczová, Katarína 
700 1 |a Zemanová, Lenka, 1995- 
710 2 |a Obchodná fakulta EU. Katedra cestovného ruchu